000
00297nam a22001097a 4500
008
230704b xxu||||| |||| 00| 0 eng d
082
_a
362.2
_b
INC 2001
245
_a
Psychotropic Substances Substances Psychotropas Substancias Sicotropicas
260
_b
UN
_c
2001
300
_a
292p
942
_2
ddc
_c
BK
999
_c
3864
_d
3864